Reštrukturalizácie spoločností s prihliadnutím na pracovné podmienky zamestnancov
Problematika reštrukturalizácie spoločností s prihliadnutím na pracovné podmienky zamestnancov a pracovnoprávne aspekty v prípade rôznych typov vnútornej a vonkajšej reorganizácie zamestnávateľa, predovšetkým s ohľadom na fundamentálne práva a povinnosti zamestnanca a zamestnávateľa v pracovnoprávno...
Salvato in:
| Autore principale: | |
|---|---|
| Natura: | Capitolo di libro |
| Lingua: | slovacco |
| Soggetti: | |
| Tags: |
Nessun Tag, puoi essere il primo ad aggiungerne!!
|
MARC
| LEADER | 00000naa a2200000 4500 | ||
|---|---|---|---|
| 001 | 0277641 | ||
| 005 | 20210802184411.7 | ||
| 041 | 0 | |a slo | |
| 044 | |a SK | ||
| 245 | 1 | 0 | |a Reštrukturalizácie spoločností s prihliadnutím na pracovné podmienky zamestnancov |c Juraj Kočiš |
| 520 | |a Problematika reštrukturalizácie spoločností s prihliadnutím na pracovné podmienky zamestnancov a pracovnoprávne aspekty v prípade rôznych typov vnútornej a vonkajšej reorganizácie zamestnávateľa, predovšetkým s ohľadom na fundamentálne práva a povinnosti zamestnanca a zamestnávateľa v pracovnoprávnom vzťahu. Reorganizačné procesy u zamestnávateľa v prípade organizačných zmien u zamestnávateľa, ktoré nerezultujú do skončenia pracovného pomeru zamestnanca a zamestnávateľa, ale do zmeny organizácie práce u zamestnávateľa vrátane prípadnej zmeny obsahu pracovnoprávneho vzťahu. | ||
| 610 | 2 | 0 | |a reštrukturalizácia |
| 610 | 2 | 0 | |a zmeny organizačné |
| 610 | 2 | 0 | |a zmeny pomeru pracovného |
| 610 | 2 | 0 | |a vzťahy pracovnoprávne |
| 610 | 2 | 0 | |a zamestnávatelia |
| 610 | 2 | 0 | |a povinnosti zamestnávateľov |
| 610 | 2 | 0 | |a zamestnanci |
| 610 | 2 | 0 | |a zákonník práce |
| 100 | 1 | |a Kočiš, Juraj | |